Countries Whose Extreme Points are Furthest Apart - Statistics

General Stats
  • This quiz has been taken 60,287 times
  • The average score is 17 of 20
Answer Stats
Distance Country % Correct
8,207 Russia
99%
15,306 United States
99%
18,151 France
97%
5,017 China
96%
18,127 United Kingdom
96%
5,549 Canada
95%
7,813 Australia
94%
5,100 Brazil
94%
4,648 Chile
92%
3,699 Argentina
89%
3,713 India
89%
5,355 Indonesia
85%
3,365 Mexico
85%
3,138 Japan
81%
4,052 Denmark
79%
15,098 Norway
76%
8,049 Netherlands
71%
2,959 Kazakhstan
70%
5,711 New Zealand
68%
4,430 Kiribati
41%
No matching quizzes found
Score Distribution
Percent of People with Each Score
Percentile by Number Answered
Your Score History
You have not taken this quiz